00323 2200133 4500001002100000005001500021035002000036245004400056100002100100300001200121260003400133082001000167990001200177INLIS00000000000225320250527023310 a0010-05250005451 aContextual Learning /cWachyu Sundayana0 aWachyu Sundayana a122 hlm bGrafindo Media Pratama,c2003 a025.5 a0712714